Histr̤ia Oral do Supremo [1988-2013] Ilmar Galvô / Vol. 14

Detalles Bibliográficos
Autor principal: de Castro Fontainha, Fernando
Otros Autores: Ferraz de Almeida, Fb̀io
Formato: eBook
Lenguaje:portugués
Publicado: Rio de Janeiro: FGV - Direito Rio, 2016
Colección:FGV - Direito Rio. Coleȯ̂ Histr̤ia Oral do STF [1988-2013]
Materias:
Acceso en línea:Acceso restringido

MARC

LEADER 00000nam a22000007a 4500
005 20180424231255.0
007 cr|||| ||||
008 180424s2016 br |||||s|||| 00||0 por d
020 |a 978-85- 63265-65-4 
035 |a 21478 
040 |a vLex 
090 |c 7820  |d 7820 
100 1 |a de Castro Fontainha, Fernando 
245 1 0 |a Histr̤ia Oral do Supremo [1988-2013]  |h [Recurso electrn̤ico] :  |b Ilmar Galvô /  |c Fernando de Castro Fontainha, Fb̀io Ferraz de Almeida  |n Vol. 14 
256 |a Servicio en ln̕ea 
260 |a Rio de Janeiro:  |b FGV - Direito Rio,  |c 2016 
300 |a 1 recurso electrn̤ico 
490 0 |a FGV - Direito Rio. Coleȯ̂ Histr̤ia Oral do STF [1988-2013] 
506 1 |a Disponible solo en los productos indicados  |d vLex Global  |d vLex Global (Academic Edition, excluding Law Schools)  |d vLex Global (U.S. Academic Edition, Law Schools)  |d vLex Global (U.S. Academic Edition, excluding Law Schools)  |d vLex Global (Academic Edition, Law Schools) 
650 0 4 |a Derecho Civil  |z Brasil 
650 0 4 |a Derecho Laboral y Seguridad Social  |z Brasil 
650 0 4 |a Derecho Fiscal  |z Brasil 
650 0 4 |a Derecho Tributario  |z Brasil 
650 0 4 |a Derecho Constitucional  |z Brasil 
650 0 4 |a Derecho Procesal  |z Brasil 
700 1 |a Ferraz de Almeida, Fb̀io 
740 0 |a vLex Libros (Servicio en ln̕ea) 
856 4 0 |u http://vlex.com/source/historia-oral-do-supremo-1988-2013-ilmar-galv-o-vol-14-21478  |z Acceso restringido 
942 |c BOOK 
999 0 |a Civil Law 
999 0 |a Labor Law and Social Security 
999 0 |a Tax Law 
999 0 |a Tax Law 
999 0 |a Constitutional Law 
999 0 |a Procedural Law